000
00245 a2200097 4500
001
56989
100
_a
245
_a
Pakistani Architects and their own Homes 100+1
260
_a
Karachi
_b
FNMH Architecture
_c
2006
090
_c
34918
_d
34918
942
_a
NUST-CAE
_c
MONOGRAPH
_c
27689
999
_c
292062
_d
292062